Vedenie ľudí a kreatívny líder

Nástroje vedenia ľudí, ktorými líder dosiahne požadovaní cieľ. Časový vývoj kreatívneho priemyslu a definovanie úloh kreatívneho lídra.

Gespeichert in:
Bibliographische Detailangaben
1. Verfasser: Galovská, Marcela
Format: Buchkapitel
Sprache:Slowakisch
Schlagworte:
Tags: Tag hinzufügen
Keine Tags, Fügen Sie das erste Tag hinzu!

MARC

LEADER 00000nla a2200000 4500
001 0195399
005 20240502073257.3
041 0 |a slo 
044 |a SK 
245 1 0 |a Vedenie ľudí a kreatívny líder  |c Marcela Galovská 
520 |a Nástroje vedenia ľudí, ktorými líder dosiahne požadovaní cieľ. Časový vývoj kreatívneho priemyslu a definovanie úloh kreatívneho lídra. 
610 2 0 |a vodcovstvo 
610 2 0 |a lídri 
610 2 0 |a kreativita 
610 2 0 |a priemysel kreatívny 
100 1 |a Galovská, Marcela